[Event "CYCC U10"]
[Site "Quebec CAN"]
[Date "2008.07.14"]
[Round "1"]
[White "Gu, Sheng Ming"]
[Black "Dorrance, Adam"]
[Result "1/2-1/2"]
[WhiteElo "1398"]
[BlackElo "1640"]
[PlyCount "117"]
[GameId "2160767910353873"]
[EventDate "2008.07.14"]
[EventType "swiss"]
[EventRounds "7"]
[EventCountry "CAN"]
[SourceTitle "EXT 2011"]
[Source "ChessBase"]
[SourceDate "2011.11.26"]
[SourceVersion "1"]
[SourceVersionDate "2011.11.26"]
[SourceQuality "1"]

1. e4 c6 2. d4 d5 3. Nc3 dxe4 4. Nxe4 Nd7 5. Nf3 Ngf6 6. Ng3 e6 7. Bd3 Bd6 8. O-O O-O 9. c3 c5 10. Bb1 b6 11. Bg5 h6 12. Bxf6 Nxf6 13. Qd3 Bb7 14. Ne5 Bxe5 15. dxe5 Qxd3 16. Bxd3 Nd5 17. Be4 Rab8 18. Rad1 b5 19. Rd2 Nb6 20. b3 Bd5 21. Rfd1 a5 22. Bxd5 exd5 23. Nf5 Rfe8 24. f4 b4 25. cxb4 axb4 26. Rc1 c4 27. Nd6 c3 28. Rd4 Re6 29. Rxb4 f6 30. Rxc3 fxe5 31. fxe5 Rxe5 32. a4 Rf8 33. Rf3 Rxf3 34. gxf3 Nd7 35. Rd4 Nc5 36. Rb4 Re3 37. Kf2 Rxb3 38. Rxb3 Nxb3 39. Ke3 d4+ 40. Kf2 Kf8 41. Nc4 Ke7 42. a5 Kd7 43. Ke2 Nc5 44. Ne5+ Kd6 45. Nd3 Na6 46. f4 Kd5 47. Kf3 Nc7 48. f5 Kc4 49. Ke4 Kc3 50. Nc5 Kc4 51. Ne6 Nb5 52. Nxg7 d3 53. f6 Nd6+ 54. Ke5 d2 55. Nf5 Nxf5 56. f7 d1=Q 57. f8=Q Qd4+ 58. Ke6 Qd5+ 59. Kf6 1/2-1/2

[Event "CYCC U10"]
[Site "Quebec CAN"]
[Date "2008.07.14"]
[Round "1"]
[White "Liu, Peter"]
[Black "Rathburn-MacKay, Hector"]
[Result "0-1"]
[WhiteElo "799"]
[BlackElo "1321"]
[PlyCount "74"]
[GameId "2160767910353874"]
[EventDate "2008.07.14"]
[EventType "swiss"]
[EventRounds "7"]
[EventCountry "CAN"]
[SourceTitle "EXT 2011"]
[Source "ChessBase"]
[SourceDate "2011.11.26"]
[SourceVersion "1"]
[SourceVersionDate "2011.11.26"]
[SourceQuality "1"]

1. e4 g6 2. Nc3 Bg7 3. Nf3 d6 4. Bc4 a6 5. O-O b5 6. Bd5 c6 7. Bb3 Bb7 8. Ng5 e6 9. d3 h6 10. Nf3 Nd7 11. Bf4 Nc5 12. d4 Nxb3 13. axb3 Ne7 14. e5 d5 15. Ne2 O-O 16. Ng3 Kh8 17. Ne2 Ra7 18. Qd2 Ng8 19. Qd3 Qb6 20. Nh4 g5 21. Ng6+ fxg6 22. Be3 Ne7 23. Bd2 c5 24. dxc5 Qxc5 25. Qh3 Qxc2 26. Bxg5 Qxe2 27. Bxe7 Rf5 28. Bf6 h5 29. Bxg7+ Kxg7 30. Rfe1 Qxf2+ 31. Kh1 Ra8 32. Rec1 Raf8 33. Rc7+ Kh8 34. g3 Ba8 35. Qh4 d4+ 36. Rb7 Bxb7+ 37. Qe4 Bxe4# 0-1

[Event "CYCC U10"]
[Site "Quebec CAN"]
[Date "2008.07.14"]
[Round "1"]
[White "Roberge, Alexandre"]
[Black "McCleary, Reuben"]
[Result "0-1"]
[WhiteElo "889"]
[BlackElo "1341"]
[PlyCount "56"]
[GameId "2160767910353875"]
[EventDate "2008.07.14"]
[EventType "swiss"]
[EventRounds "7"]
[EventCountry "CAN"]
[SourceTitle "EXT 2011"]
[Source "ChessBase"]
[SourceDate "2011.11.26"]
[SourceVersion "1"]
[SourceVersionDate "2011.11.26"]
[SourceQuality "1"]

1. e4 e6 2. Nf3 d5 3. Nc3 Nf6 4. d3 Bb4 5. Bg5 dxe4 6. Nd2 exd3 7. cxd3 h6 8. Be3 b6 9. Be2 O-O 10. O-O Bb7 11. Rc1 Nc6 12. h3 Nd5 13. Bf3 Nxe3 14. fxe3 Qxd3 15. Qe1 Rad8 16. Be4 Qxd2 17. Qg3 Qd6 18. Qg4 f5 19. Qg6 fxe4 20. Nxe4 Qe5 21. Rf3 Ne7 22. Qg4 Bxe4 23. Rff1 Bc5 24. Rce1 Rxf1+ 25. Rxf1 Bxe3+ 26. Kh1 Rd2 27. Rg1 Bxg1 28. Qf3 Qh2# 0-1

[Event "CYCC U10"]
[Site "Quebec CAN"]
[Date "2008.07.14"]
[Round "1"]
[White "Saravanabava, Prathyakshan"]
[Black "Preotu, Razvan"]
[Result "0-1"]
[WhiteElo "1160"]
[BlackElo "1526"]
[PlyCount "54"]
[GameId "2160767910353876"]
[EventDate "2008.07.14"]
[EventType "swiss"]
[EventRounds "7"]
[EventCountry "CAN"]
[SourceTitle "EXT 2011"]
[Source "ChessBase"]
[SourceDate "2011.11.26"]
[SourceVersion "1"]
[SourceVersionDate "2011.11.26"]
[SourceQuality "1"]

1. e4 e5 2. Nf3 Nf6 3. Nxe5 d6 4. Nf3 Nxe4 5. Bc4 d5 6. Qe2 Be7 7. Bb3 O-O 8. O-O Bg4 9. d3 Nf6 10. Nc3 Re8 11. h3 Be6 12. Nd4 Bxh3 13. Nf3 Bg4 14. Re1 Bb4 15. Qd1 Rxe1+ 16. Qxe1 d4 17. Ne5 dxc3 18. Nxf7 Qe7 19. Qxe7 Bxe7 20. bxc3 Kf8 21. Bg5 Nc6 22. f3 Bh5 23. Bxf6 Bxf6 24. g4 Bxf7 25. Bxf7 Kxf7 26. Rb1 b6 27. a4 Bxc3 0-1

[Event "CYCC U10"]
[Site "Quebec CAN"]
[Date "2008.07.14"]
[Round "1"]
[White "Song, Terry"]
[Black "Graif, William"]
[Result "0-1"]
[WhiteElo "1435"]
[BlackElo "1050"]
[PlyCount "78"]
[GameId "2160767910353877"]
[EventDate "2008.07.14"]
[EventType "swiss"]
[EventRounds "7"]
[EventCountry "CAN"]
[SourceTitle "EXT 2011"]
[Source "ChessBase"]
[SourceDate "2011.11.26"]
[SourceVersion "1"]
[SourceVersionDate "2011.11.26"]
[SourceQuality "1"]

1. e4 c5 2. Nf3 d6 3. d4 cxd4 4. Nxd4 Nf6 5. Nc3 g6 6. Bg5 Bg7 7. Bd3 Nc6 8. Nxc6 bxc6 9. O-O O-O 10. Qd2 Rb8 11. Rab1 d5 12. Bh6 dxe4 13. Bxg7 Kxg7 14. Qf4 Bf5 15. Nxe4 Nxe4 16. Bxe4 Rb4 17. f3 Bxe4 18. fxe4 Qd4+ 19. Qf2 Qxe4 20. Rbe1 Qd5 21. Rxe7 Ra4 22. Rxa7 Rxa2 23. Rc7 Ra6 24. Qf3 Kg8 25. Qxd5 cxd5 26. Rd1 Rd8 27. Rd4 Ra1+ 28. Kf2 Rh1 29. h3 Rb1 30. b3 Ra1 31. Rc5 Ra2 32. Ra4 Rb2 33. Rd4 f5 34. Kf3 Kf7 35. Rdxd5 Rxd5 36. Rxd5 Rxc2 37. Rd7+ Kf6 38. Rxh7 Rc3+ 39. Kf4 g5# 0-1

[Event "CYCC U10"]
[Site "Quebec CAN"]
[Date "2008.07.14"]
[Round "1"]
[White "Tomelden, West"]
[Black "Yang, Bryant"]
[Result "0-1"]
[WhiteElo "966"]
[BlackElo "1348"]
[PlyCount "130"]
[GameId "2160767910353878"]
[EventDate "2008.07.14"]
[EventType "swiss"]
[EventRounds "7"]
[EventCountry "CAN"]
[SourceTitle "EXT 2011"]
[Source "ChessBase"]
[SourceDate "2011.11.26"]
[SourceVersion "1"]
[SourceVersionDate "2011.11.26"]
[SourceQuality "1"]

1. e4 e5 2. Nf3 Nc6 3. Bc4 Bc5 4. d3 h6 5. Be3 Bb6 6. Bxb6 axb6 7. O-O Nf6 8. h3 d6 9. Nc3 O-O 10. Bd5 Be6 11. a3 Qd7 12. b4 Bxd5 13. Nxd5 Nxd5 14. exd5 Nd4 15. Nxd4 exd4 16. Qe2 Rfe8 17. Qg4 Qxg4 18. hxg4 Re2 19. Rfe1 Rae8 20. Rxe2 Rxe2 21. Rc1 Re5 22. c4 c6 23. f4 Re3 24. dxc6 bxc6 25. c5 dxc5 26. bxc5 b5 27. Rd1 Kf8 28. Kf2 Ke7 29. g5 hxg5 30. fxg5 Ke6 31. a4 bxa4 32. Ra1 Rxd3 33. Rxa4 Kd5 34. Ra7 f6 35. Rxg7 fxg5 36. Rxg5+ Kc4 37. g4 Rd1 38. Rf5 d3 39. g5 Kc3 40. g6 d2 41. Rf3+ Kc2 42. Kg2 Rg1+ 43. Kxg1 d1=Q+ 44. Kg2 Qd5 45. g7 Qg8 46. Rf2+ Kb3 47. Rf3+ Kb4 48. Rg3 Kxc5 49. Kf3 Kb5 50. Ke2 c5 51. Kd2 c4 52. Kc3 Kc6 53. Kb4 Qb8+ 54. Kc3 Qxg3+ 55. Kxc4 Qxg7 56. Kb4 Qe5 57. Kb3 Qd4 58. Kc2 Qe3 59. Kd1 Qf2 60. Kc1 Qe2 61. Kb1 Qd2 62. Ka1 Kb5 63. Kb1 Kb4 64. Ka1 Kb3 65. Kb1 Qb2# 0-1

[Event "CYCC U10"]
[Site "Quebec CAN"]
[Date "2008.07.14"]
[Round "1"]
[White "Yu, Patrick"]
[Black "Andronescu, Tiberiu"]
[Result "1-0"]
[WhiteElo "1502"]
[BlackElo "1151"]
[PlyCount "110"]
[GameId "2160767910353880"]
[EventDate "2008.07.14"]
[EventType "swiss"]
[EventRounds "7"]
[EventCountry "CAN"]
[SourceTitle "EXT 2011"]
[Source "ChessBase"]
[SourceDate "2011.11.26"]
[SourceVersion "1"]
[SourceVersionDate "2011.11.26"]
[SourceQuality "1"]

1. e4 c5 2. Nf3 a6 3. d4 cxd4 4. Nxd4 Nf6 5. Nc3 e5 6. Nb3 Nc6 7. Be3 Bb4 8. Bc4 Bxc3+ 9. bxc3 Nxe4 10. Qd5 O-O 11. Qxe4 d5 12. Qxd5 Be6 13. Qxd8 Nxd8 14. Bxe6 Nxe6 15. O-O Nf4 16. Bxf4 exf4 17. c4 Rac8 18. c5 Rc6 19. Rfe1 f3 20. Rad1 fxg2 21. Kxg2 Rg6+ 22. Kf1 h6 23. Rd7 Rc8 24. Rd6 Rxd6 25. cxd6 Rd8 26. Re7 Rxd6 27. Rxb7 Rc6 28. Nd4 Rd6 29. Nf5 Rd2 30. Rc7 Rd1+ 31. Ke2 Ra1 32. Rc8+ Kh7 33. Kd3 Rxa2 34. Kc3 Ra5 35. Ne3 Rb5 36. Ra8 Rh5 37. Rxa6 Rxh2 38. Nd1 g5 39. Kd3 h5 40. c4 Rh3+ 41. Ne3 Rh1 42. Kd2 h4 43. c5 h3 44. c6 h2 45. c7 Rd1+ 46. Nxd1 h1=Q 47. c8=Q Qd5+ 48. Kc1 Qf3 49. Qc2+ Kg7 50. Qc3+ Qxc3+ 51. Nxc3 f6 52. Ne4 Kh7 53. Rxf6 g4 54. Kd2 g3 55. Nxg3 Kg7 1-0

[Event "CYCC U10"]
[Site "Quebec CAN"]
[Date "2008.07.14"]
[Round "1"]
[White "Zhu, Hong Rui"]
[Black "Gagne, Cory"]
[Result "1-0"]
[WhiteElo "1636"]
[BlackElo "938"]
[PlyCount "65"]
[GameId "2160767910353881"]
[EventDate "2008.07.14"]
[EventType "swiss"]
[EventRounds "7"]
[EventCountry "CAN"]
[SourceTitle "EXT 2011"]
[Source "ChessBase"]
[SourceDate "2011.11.26"]
[SourceVersion "1"]
[SourceVersionDate "2011.11.26"]
[SourceQuality "1"]

1. e4 e5 2. Nf3 Nc6 3. Bb5 Nf6 4. O-O Bc5 5. Bxc6 dxc6 6. Nxe5 O-O 7. d3 Qe8 8. Nf3 Bg4 9. Be3 Bxe3 10. fxe3 Rd8 11. Nc3 Qd7 12. Qe1 Bxf3 13. Rxf3 Ne8 14. Qf2 Nd6 15. Rf1 Qg4 16. e5 c5 17. exd6 cxd6 18. Rxf7 h6 19. Rxf8+ Rxf8 20. Qxf8+ Kh7 21. Qf5+ Qxf5 22. Rxf5 b6 23. Nb5 a6 24. Nxd6 c4 25. Nxc4 b5 26. Ne5 b4 27. d4 a5 28. d5 a4 29. d6 a3 30. bxa3 bxa3 31. d7 g6 32. Rf7+ Kg8 33. d8=Q# 1-0

[Event "CYCC U10"]
[Site "Quebec CAN"]
[Date "2008.07.14"]
[Round "2"]
[White "De Forest, David"]
[Black "Roberge, Alexandre"]
[Result "1-0"]
[WhiteElo "1233"]
[BlackElo "889"]
[PlyCount "59"]
[GameId "2160767910353883"]
[EventDate "2008.07.14"]
[EventType "swiss"]
[EventRounds "7"]
[EventCountry "CAN"]
[SourceTitle "EXT 2011"]
[Source "ChessBase"]
[SourceDate "2011.11.26"]
[SourceVersion "1"]
[SourceVersionDate "2011.11.26"]
[SourceQuality "1"]

1. e4 e5 2. Nf3 Nc6 3. Bc4 Nf6 4. Ng5 d5 5. exd5 Na5 6. Nxf7 Kxf7 7. d6+ Nxc4 8. dxc7 Qd4 9. Qe2 Bg4 10. f3 Bb4 11. fxg4 Ne8 12. c3 Qd7 13. Qxc4+ Kf8 14. O-O+ Nf6 15. Qxb4+ Ke8 16. g5 Nh5 17. Qc4 Nf4 18. d4 Qg4 19. Rxf4 exf4 20. c8=Q+ Rxc8 21. Qb5+ Kf8 22. Nd2 f3 23. Nxf3 Re8 24. Qxb7 Re2 25. Ne5 Re1+ 26. Kf2 Re2+ 27. Kg1 Qf4 28. Qc8+ Ke7 29. Qd7+ Kf8 30. Qd8# 1-0

[Event "CYCC U10"]
[Site "Quebec CAN"]
[Date "2008.07.14"]
[Round "2"]
[White "Dorrance, Adam"]
[Black "Jensen, Jacob"]
[Result "1-0"]
[WhiteElo "1640"]
[BlackElo "1569"]
[PlyCount "89"]
[GameId "2160767910353884"]
[EventDate "2008.07.14"]
[EventType "swiss"]
[EventRounds "7"]
[EventCountry "CAN"]
[SourceTitle "EXT 2011"]
[Source "ChessBase"]
[SourceDate "2011.11.26"]
[SourceVersion "1"]
[SourceVersionDate "2011.11.26"]
[SourceQuality "1"]

1. d4 Nf6 2. Nf3 e6 3. g3 b6 4. Bg2 Bb7 5. O-O h6 6. c4 Ne4 7. Nfd2 Nd6 8. e4 Be7 9. Nc3 O-O 10. Re1 Ne8 11. Nb3 Bb4 12. Qc2 Bxc3 13. Qxc3 f5 14. d5 fxe4 15. Bxe4 exd5 16. Bxd5+ Bxd5 17. cxd5 Nf6 18. Qc4 Kh8 19. Bf4 c5 20. d6 Nc6 21. a3 Nh5 22. Be5 Nxe5 23. Rxe5 Qf6 24. Qe2 g6 25. Re7 Rf7 26. Qd2 Kh7 27. Rae1 Raf8 28. R1e4 Kg8 29. Re2 Kh7 30. Qd5 Ng7 31. Nd2 Ne6 32. Nc4 Rxe7 33. dxe7 Qxe7 34. Ne5 Nd4 35. Re3 Rf5 36. Nxd7 Nf3+ 37. Qxf3 Qxd7 38. Qe2 Rf7 39. Re6 Qd8 40. Qe4 Qg8 41. h4 Qg7 42. h5 Rf6 43. Re7 Rf7 44. hxg6+ Qxg6 45. Rxf7+ 1-0

[Event "CYCC U10"]
[Site "Quebec CAN"]
[Date "2008.07.14"]
[Round "2"]
[White "Gagne, Cory"]
[Black "Saravanabava, Prathyakshan"]
[Result "0-1"]
[WhiteElo "938"]
[BlackElo "1160"]
[PlyCount "33"]
[GameId "2160767910353885"]
[EventDate "2008.07.14"]
[EventType "swiss"]
[EventRounds "7"]
[EventCountry "CAN"]
[SourceTitle "EXT 2011"]
[Source "ChessBase"]
[SourceDate "2011.11.26"]
[SourceVersion "1"]
[SourceVersionDate "2011.11.26"]
[SourceQuality "1"]

1. e4 e5 2. f3 c6 3. Nc3 d5 4. exd5 cxd5 5. Nxd5 Qxd5 6. d3 Nf6 7. Ne2 Be6 8. Bg5 Nbd7 9. c4 Qa5+ 10. Nc3 Bb4 11. Qa4 Qxa4 12. b3 Qa5 13. O-O-O Bxc3 14. Bd2 Bxd2+ 15. Rxd2 O-O 16. g3 Rfc8 17. g4 0-1

[Event "CYCC U10"]
[Site "Quebec CAN"]
[Date "2008.07.14"]
[Round "2"]
[White "Graif, William"]
[Black "Yu, Patrick"]
[Result "1-0"]
[WhiteElo "1050"]
[BlackElo "1502"]
[PlyCount "77"]
[GameId "2160767910353886"]
[EventDate "2008.07.14"]
[EventType "swiss"]
[EventRounds "7"]
[EventCountry "CAN"]
[SourceTitle "EXT 2011"]
[Source "ChessBase"]
[SourceDate "2011.11.26"]
[SourceVersion "1"]
[SourceVersionDate "2011.11.26"]
[SourceQuality "1"]

1. e4 c5 2. Nf3 d6 3. d4 cxd4 4. Nxd4 Nf6 5. Nc3 a6 6. Be2 e5 7. Nb3 Be6 8. f4 Nc6 9. Be3 Be7 10. O-O exf4 11. Bxf4 O-O 12. Qe1 Rc8 13. Rd1 Qb6+ 14. Kh1 Rfd8 15. Qg3 Nb4 16. Bxd6 Bxd6 17. e5 Be7 18. exf6 Bxf6 19. Rxf6 Kh8 20. Qf2 Qc7 21. Rf3 Rxd1+ 22. Bxd1 Qd6 23. Qd4 Qe7 24. Rg3 f6 25. Re3 Nc6 26. Qe4 Re8 27. Bf3 Ne5 28. Qxb7 Nxf3 29. Qxe7 Rxe7 30. gxf3 Kg8 31. Nc5 Kf7 32. Rxe6 Rxe6 33. Nxe6 Kxe6 34. Ne4 Kd5 35. b3 f5 36. c4+ Kc6 37. Ng5 h6 38. Ne6 g5 39. Nd4+ 1-0

[Event "CYCC U10"]
[Site "Quebec CAN"]
[Date "2008.07.14"]
[Round "2"]
[White "Levesque, Brale"]
[Black "Tomelden, West"]
[Result "1-0"]
[WhiteElo "1226"]
[BlackElo "966"]
[PlyCount "67"]
[GameId "2160767910353888"]
[EventDate "2008.07.14"]
[EventType "swiss"]
[EventRounds "7"]
[EventCountry "CAN"]
[SourceTitle "EXT 2011"]
[Source "ChessBase"]
[SourceDate "2011.11.26"]
[SourceVersion "1"]
[SourceVersionDate "2011.11.26"]
[SourceQuality "1"]

1. e4 e5 2. Nf3 Nc6 3. c4 Nf6 4. Nc3 d6 5. Nd5 Nxd5 6. cxd5 Nd4 7. Nxd4 exd4 8. Bb5+ Bd7 9. Qa4 a6 10. Bxd7+ Qxd7 11. Qxd7+ Kxd7 12. O-O d3 13. Re1 g6 14. Re3 Re8 15. b4 Bh6 16. Rh3 Bg5 17. f3 Bf4 18. Bb2 Be5 19. Bxe5 Rxe5 20. Re1 c5 21. bxc5 dxc5 22. f4 Rh5 23. Rxh5 gxh5 24. Rb1 b5 25. f5 Rg8 26. e5 Rg5 27. Rf1 c4 28. e6+ fxe6 29. fxe6+ Kd6 30. Rf8 Rxd5 31. e7 c3 32. dxc3 d2 33. e8=Q d1=Q+ 34. Rf1 1-0

[Event "CYCC U10"]
[Site "Quebec CAN"]
[Date "2008.07.14"]
[Round "2"]
[White "McCleary, Reuben"]
[Black "Doknjas, John"]
[Result "0-1"]
[WhiteElo "1341"]
[BlackElo "1615"]
[PlyCount "35"]
[GameId "2160767910353889"]
[EventDate "2008.07.14"]
[EventType "swiss"]
[EventRounds "7"]
[EventCountry "CAN"]
[SourceTitle "EXT 2011"]
[Source "ChessBase"]
[SourceDate "2011.11.26"]
[SourceVersion "1"]
[SourceVersionDate "2011.11.26"]
[SourceQuality "1"]

1. e4 e6 2. d4 d5 3. Nc3 Bb4 4. e5 c5 5. a3 Bxc3+ 6. bxc3 Ne7 7. Nf3 Qc7 8. Bg5 h6 9. Be3 cxd4 10. cxd4 a5 11. Qe2 Qc4 12. Qxc4 dxc4 13. Rb1 b5 14. c3 Kd7 15. g3 Kc6 16. Nd2 b4 17. axb4 axb4 18. Rxb4 0-1

[Event "CYCC U10"]
[Site "Quebec CAN"]
[Date "2008.07.14"]
[Round "2"]
[White "Plotkin, Mark"]
[Black "Berube, Pascal"]
[Result "1-0"]
[Annotator "Brodie,Hugh"]
[WhiteElo "1470"]
[BlackElo "808"]
[PlyCount "49"]
[GameId "2160767739706442"]
[EventDate "2008.07.14"]
[EventType "swiss"]
[EventRounds "7"]
[EventCountry "CAN"]

1. e4 c5 2. c3 d6 3. d4 Nd7 4. Nf3 g6 5. Bd3 Ngf6 6. O-O Bg7 7. Bf4 O-O 8. Nbd2 e5 9. dxe5 dxe5 10. Be3 Nb6 11. Bxc5 Re8 12. Bb5 Bd7 13. Bxd7 Qxd7 14. Bxb6 axb6 15. Qb3 Ra6 16. Rad1 b5 17. a3 Rd8 18. Nxe5 Qd6 19. Nxf7 Qd7 20. Ne5+ Qe6 21. Qxb5 Rad6 22. Qc4 Qxc4 23. Nexc4 R6d7 24. Rde1 Bh6 {etc.} 25. Nf3 1-0

[Event "CYCC U10"]
[Site "Quebec CAN"]
[Date "2008.07.14"]
[Round "2"]
[White "Preotu, Razvan"]
[Black "Herdin, Matthew"]
[Result "1-0"]
[WhiteElo "1526"]
[BlackElo "1228"]
[PlyCount "55"]
[GameId "2160767910353890"]
[EventDate "2008.07.14"]
[EventType "swiss"]
[EventRounds "7"]
[EventCountry "CAN"]
[SourceTitle "EXT 2011"]
[Source "ChessBase"]
[SourceDate "2011.11.26"]
[SourceVersion "1"]
[SourceVersionDate "2011.11.26"]
[SourceQuality "1"]

1. d4 Nf6 2. Nf3 d5 3. e3 g6 4. c4 dxc4 5. Bxc4 Bg7 6. O-O O-O 7. Nc3 Bg4 8. h3 Bxf3 9. Qxf3 c6 10. Qd1 Nbd7 11. Re1 e5 12. d5 cxd5 13. Nxd5 Nxd5 14. Bxd5 Rb8 15. e4 a6 16. Bd2 Qe7 17. a3 Qf6 18. Bb4 Rfe8 19. Rc1 Bh6 20. Rc7 Nb6 21. Bxf7+ Kh8 22. Bxe8 Rxe8 23. Ba5 Rf8 24. f3 Bf4 25. Kh1 Na8 26. Rxb7 Qh4 27. Qd7 Qxe1+ 28. Bxe1 1-0

[Event "CYCC U10"]
[Site "Quebec CAN"]
[Date "2008.07.14"]
[Round "2"]
[White "Rathburn-MacKay, Hector"]
[Black "Brichko, Michael"]
[Result "1/2-1/2"]
[WhiteElo "1321"]
[BlackElo "1541"]
[PlyCount "106"]
[GameId "2160767910353891"]
[EventDate "2008.07.14"]
[EventType "swiss"]
[EventRounds "7"]
[EventCountry "CAN"]
[SourceTitle "EXT 2011"]
[Source "ChessBase"]
[SourceDate "2011.11.26"]
[SourceVersion "1"]
[SourceVersionDate "2011.11.26"]
[SourceQuality "1"]

1. e4 c5 2. Nc3 d6 3. g3 Nf6 4. Bg2 Nc6 5. Nce2 e5 6. d3 h6 7. f4 Be7 8. Be3 O-O 9. Qd2 Ng4 10. Nf3 Nxe3 11. Qxe3 Nb4 12. Qd2 Qa5 13. Nc3 Nc6 14. Nd5 Qxd2+ 15. Kxd2 Bd8 16. f5 Ne7 17. c4 Nxd5 18. cxd5 g6 19. g4 gxf5 20. gxf5 Kh7 21. Bh3 Rg8 22. Rag1 Ba5+ 23. Kc2 Bd7 24. Rxg8 Rxg8 25. Rg1 Rxg1 26. Nxg1 b5 27. Nf3 Bd8 28. Kd2 h5 29. Ke2 Kh6 30. Kf2 Bg5 31. Nxg5 Kxg5 32. Kg3 h4+ 33. Kf3 f6 34. Bf1 Be8 35. h3 a5 36. a3 b4 37. Ke3 Bh5 38. Bg2 Bd1 39. Bf3 Bb3 40. Be2 Ba4 41. Bf1 Bd1 42. Bg2 Bb3 43. Bf1 Ba2 44. Be2 a4 45. Bf1 Bb3 46. Be2 Ba2 47. Bf1 Bb3 48. Be2 Bc2 49. Bf1 Bd1 50. Bg2 Bb3 51. Bf1 Bd1 52. Bg2 Bb3 53. Bf1 Bd1 1/2-1/2

[Event "CYCC U10"]
[Site "Quebec CAN"]
[Date "2008.07.14"]
[Round "2"]
[White "Song, Terry"]
[Black "Gu, Sheng Ming"]
[Result "1-0"]
[WhiteElo "1435"]
[BlackElo "1398"]
[PlyCount "99"]
[GameId "2160767910353892"]
[EventDate "2008.07.14"]
[EventType "swiss"]
[EventRounds "7"]
[EventCountry "CAN"]
[SourceTitle "EXT 2011"]
[Source "ChessBase"]
[SourceDate "2011.11.26"]
[SourceVersion "1"]
[SourceVersionDate "2011.11.26"]
[SourceQuality "1"]

1. e4 c5 2. Nf3 e6 3. d4 cxd4 4. Nxd4 Nf6 5. Nc3 Nc6 6. Bg5 Bb4 7. Nxc6 bxc6 8. Qf3 Be7 9. Be2 d5 10. O-O O-O 11. Rfd1 h6 12. Bh4 Nd7 13. Bxe7 Qxe7 14. exd5 cxd5 15. Re1 Qf6 16. Rad1 Qxf3 17. Bxf3 Nb6 18. b3 Bb7 19. Ne2 Rad8 20. c4 Rfe8 21. Nc3 Ba8 22. cxd5 exd5 23. Kf1 Bb7 24. Rxe8+ Rxe8 25. Nxd5 Ba6+ 26. Kg1 Nxd5 27. Bxd5 Re2 28. b4 Bb5 29. g3 a6 30. Kg2 Re8 31. Bb3 Rc8 32. a4 Bc6+ 33. Kf1 Rb8 34. Rd6 Bf3 35. Rd4 Rc8 36. Ke1 Rc1+ 37. Kd2 Rh1 38. Ke3 Bh5 39. b5 axb5 40. axb5 Rc1 41. Rb4 Rc8 42. b6 Rb8 43. Kd4 Kf8 44. Kc5 Ke8 45. g4 Bg6 46. Kb5 Bd3+ 47. Bc4 Bxc4+ 48. Rxc4 g6 49. Ka6 f5 50. Ka7 1-0

[Event "CYCC U10"]
[Site "Quebec CAN"]
[Date "2008.07.14"]
[Round "2"]
[White "Yang, Bryant"]
[Black "Feng, Bob"]
[Result "1-0"]
[WhiteElo "1348"]
[BlackElo "1238"]
[PlyCount "49"]
[GameId "2160767910353893"]
[EventDate "2008.07.14"]
[EventType "swiss"]
[EventRounds "7"]
[EventCountry "CAN"]

1. d4 d5 2. c4 e6 3. Nc3 Nf6 4. Nf3 Nc6 5. Bg5 Be7 6. e3 O-O 7. Bd3 b6 8. O-O Nd7 9. Bxe7 Qxe7 10. Qe2 Nf6 11. Rac1 Re8 12. cxd5 exd5 13. Bb5 Bb7 14. Nb1 Rad8 15. Bxc6 Bxc6 16. Rxc6 Qd7 17. Rcc1 Qg4 18. h3 Qh5 19. Rxc7 a5 20. Rcc1 Re6 21. Nc3 Nd7 22. Nh2 Qxe2 23. Nxe2 Ree8 24. Nf4 Rc8 25. Nxd5 1-0

[Event "CYCC U10"]
[Site "Quebec CAN"]
[Date "2008.07.15"]
[Round "3"]
[White "Andronescu, Tiberiu"]
[Black "McCleary, Reuben"]
[Result "1/2-1/2"]
[WhiteElo "1151"]
[BlackElo "1341"]
[PlyCount "54"]
[GameId "2160767910353896"]
[EventDate "2008.07.14"]
[EventType "swiss"]
[EventRounds "7"]
[EventCountry "CAN"]
[SourceTitle "EXT 2011"]
[Source "ChessBase"]
[SourceDate "2011.11.26"]
[SourceVersion "1"]
[SourceVersionDate "2011.11.26"]
[SourceQuality "1"]

1. d4 e6 2. c4 d5 3. Nf3 Nf6 4. Nc3 Bb4 5. Bg5 Nbd7 6. cxd5 exd5 7. a3 Be7 8. Qd2 b6 9. e3 O-O 10. Ne5 Nxe5 11. dxe5 Ne4 12. Bxe7 Qxe7 13. Qxd5 Nxc3 14. Qxa8 Qxe5 15. Qc6 Ne4 16. Bd3 Qxb2 17. O-O Nxf2 18. Qc2 Nxd3 19. Qxd3 Bb7 20. e4 Re8 21. Rfe1 Bxe4 22. Qe2 Qd4+ 23. Qe3 Qb2 24. Qe2 Qd4+ 25. Qf2 Qxf2+ 26. Kxf2 Kf8 27. Ra2 Bd5 1/2-1/2

[Event "CYCC U10"]
[Site "Quebec CAN"]
[Date "2008.07.15"]
[Round "3"]
[White "Berube, Pascal"]
[Black "De Forest, David"]
[Result "1-0"]
[WhiteElo "808"]
[BlackElo "1233"]
[PlyCount "36"]
[GameId "2160767910353897"]
[EventDate "2008.07.14"]
[EventType "swiss"]
[EventRounds "7"]
[EventCountry "CAN"]
[SourceTitle "EXT 2011"]
[Source "ChessBase"]
[SourceDate "2011.11.26"]
[SourceVersion "1"]
[SourceVersionDate "2011.11.26"]
[SourceQuality "1"]

1. e4 c5 2. Nf3 Nc6 3. d4 Nxd4 4. Nxd4 cxd4 5. Qxd4 d6 6. Nc3 e5 7. Qd1 Nf6 8. Bb5+ Bd7 9. Bxd7+ Qxd7 10. Bg5 Be7 11. Bxf6 Bxf6 12. O-O O-O 13. Rc1 Bg5 14. Rb1 Rfe8 15. h3 Re6 16. Qg4 h5 17. Qxg5 Rg6 18. Qxh5 f6 1-0

[Event "CYCC U10"]
[Site "Quebec CAN"]
[Date "2008.07.15"]
[Round "3"]
[White "Brichko, Michael"]
[Black "Dorrance, Adam"]
[Result "1-0"]
[WhiteElo "1541"]
[BlackElo "1640"]
[PlyCount "99"]
[GameId "2160767910353898"]
[EventDate "2008.07.14"]
[EventType "swiss"]
[EventRounds "7"]
[EventCountry "CAN"]
[SourceTitle "EXT 2011"]
[Source "ChessBase"]
[SourceDate "2011.11.26"]
[SourceVersion "1"]
[SourceVersionDate "2011.11.26"]
[SourceQuality "1"]

1. d4 d5 2. c4 c6 3. Nf3 Nf6 4. Nc3 a6 5. a4 e6 6. Bg5 Nbd7 7. e3 Qb6 8. Qc2 Bb4 9. Bd3 dxc4 10. Bxc4 h6 11. Bh4 Bd6 12. O-O O-O 13. Qe2 Qc7 14. Rfd1 Rb8 15. Bd3 Re8 16. Kh1 b5 17. axb5 cxb5 18. Rac1 Qb6 19. Ne4 Nxe4 20. Bxe4 Bb7 21. Bxb7 Qxb7 22. Rc2 Rbc8 23. Rdc1 Nb6 24. Nd2 Rxc2 25. Rxc2 Rc8 26. Nb3 Qd5 27. Rxc8+ Nxc8 28. Qc2 Nb6 29. Bd8 Qc4 30. Qxc4 Nxc4 31. Nc5 Bxc5 32. dxc5 Nxb2 33. c6 Nc4 34. Ba5 Kf8 35. c7 Nd6 36. Bb4 Ke7 37. Bxd6+ Kd7 38. Kg1 b4 39. Bxb4 Kxc7 40. Bc3 f6 41. Kf1 Kd6 42. Ke2 Kc5 43. f4 Kc4 44. Bd4 a5 45. Kf3 Kd3 46. g4 a4 47. h4 a3 48. g5 hxg5 49. hxg5 fxg5 50. fxg5 1-0